=LDR 00000nam 2200000 4500 =001 NUTBA000000000003655 =005 20140825095951.0 =006 =007 =008 =020 ##$$a978-979-033-016-0 =035 ##$$a 0010-081400000000500 =040 ##$$a NBPDMAT =082 ##$$a 510.76 =090 ##$$a 510.76 $b Sar m =100 ##$$a Sartono Wirodikrono =245 ##$$a Matematika 2A untuk SMA kelas XI IPA semster 1 / $c oleh Drs. Sartono Wirodikrono =260 ##$$a Jakarta : Erlangga, $c 2008 =300 ##$$a 204 hlm. ; $c 25 cm. =650 ##$$a Matematika SMA-Studi dan pengajaran =990 ##$$a 21405872 =990 ##$$a 0001/BPAP-NTB/20142014 =990 ##$$a 0001/BPAP-NTB/20142014 =990 ##$$a 0001/BPAP-NTB/20142014 =990 ##$$a 0001/BPAP-NTB/20142014 =990 ##$$a 0001/BPAP-NTB/20142014